ALDH1A3 targeted knockout in cancer cell lines by CRISPR-Cas9 method

Gespeichert in:
Bibliographische Detailangaben
1. Verfasser: Munteanu, Patricia (Verfasst von)
Weitere Verfasser: Kozovská, Zuzana (Betreuung Doktorarbeit)
Format: Manuskript Buch
Sprache:Slowakisch
Englisch
Veröffentlicht: 2021
Schlagworte:
Online-Zugang:http://is.stuba.sk/zp/portal_zp.pl?podrobnosti=157539
Tags: Tag hinzufügen
Keine Tags, Fügen Sie das erste Tag hinzu!

MARC

LEADER 00000ntm a22000003a 4500
001 stuzp84568
003 SK-STU
005 20210605210724.0
007 ta
008 150427s2015----xo-----f-mn---000-0-slo-d
040 |a STU  |b slo 
041 0 |a eng 
100 1 |a Munteanu, Patricia  |u 043000  |4 aut  |U FCHPT Fakulta chemickej a potravinárskej technológie  |T FCHPT Ústav biochémie a mikrobiológie  |X 88491  |U C3000  |Y 101  |7 88491 
242 0 1 |a Cielený knockout ALDH1A3 v rakovinových bunkových líniách pomocou CRISPR-Cas9 metódy  |y slo 
245 1 0 |a ALDH1A3 targeted knockout in cancer cell lines by CRISPR-Cas9 method 
260 |c 2021 
650 4 |a aldehyd dehydrogenáza  |2 slo 
650 4 |a lieková rezistencia  |2 slo 
650 4 |a CRISPR-Cas9  |2 slo 
650 4 |a aldehyde dehydrogenase  |2 eng 
650 4 |a drug resistance  |2 eng 
650 4 |a CRISPR-Cas9  |2 eng 
700 1 |a Kozovská, Zuzana  |4 ths  |X 91120  |7 91120 
856 4 |u http://is.stuba.sk/zp/portal_zp.pl?podrobnosti=157539